000 00409nam a2200157 i 4500
001 362387
005 20231128055028.0
008 781213q19701978tu f000 0 eng
040 _aDLC
_cDLC
_dDLC
082 0 0 _a301.41/2/09561
_222
245 0 4 _aThe Turkish woman, (1919-1923).
260 _aAnkara :
_bDirectorate General of Press and Information,
_c1919.
300 _a103 p. ;
650 0 _aWomen
942 _cL
999 _c101
_d101